<?xml version="1.0" encoding="UTF-8"?>
<collection xmlns="http://www.loc.gov/MARC21/slim">
 <record>
  <leader>01173pam a22002658a 4500</leader>
  <controlfield tag="001">00023390</controlfield>
  <controlfield tag="005">20171026081022.0</controlfield>
  <controlfield tag="008">110620s2007                  ||||||viesd</controlfield>
  <datafield tag="020" ind1=" " ind2=" ">
   <subfield code="c">23500</subfield>
  </datafield>
  <datafield tag="041" ind1="0" ind2="#">
   <subfield code="a">vie</subfield>
  </datafield>
  <datafield tag="082" ind1="1" ind2="4">
   <subfield code="a">004.01</subfield>
   <subfield code="b">GI108TR</subfield>
  </datafield>
  <datafield tag="100" ind1="0" ind2="#">
   <subfield code="a">Bùi Minh Trí</subfield>
  </datafield>
  <datafield tag="245" ind1="0" ind2="0">
   <subfield code="a">Giáo trình toán ứng dụng trong tin học</subfield>
   <subfield code="b">Sách dùng cho các trường Đào tạo hệ Trung học chuyên nghiệp</subfield>
   <subfield code="c">Bùi Minh Trí</subfield>
  </datafield>
  <datafield tag="250" ind1="#" ind2="#">
   <subfield code="a">tái bản lần thứ 3</subfield>
  </datafield>
  <datafield tag="260" ind1="#" ind2="#">
   <subfield code="a">H.</subfield>
   <subfield code="b">Giáo dục</subfield>
   <subfield code="c">2007</subfield>
  </datafield>
  <datafield tag="300" ind1="#" ind2="#">
   <subfield code="a">272tr.</subfield>
   <subfield code="c">24cm.</subfield>
  </datafield>
  <datafield tag="653" ind1="#" ind2="#">
   <subfield code="a">giáo trình</subfield>
  </datafield>
  <datafield tag="653" ind1="#" ind2="#">
   <subfield code="a">tin học</subfield>
  </datafield>
  <datafield tag="653" ind1="#" ind2="#">
   <subfield code="a">toán học</subfield>
  </datafield>
  <datafield tag="653" ind1="#" ind2="#">
   <subfield code="a">trung học chuyên nghiệp</subfield>
  </datafield>
  <datafield tag="852" ind1="#" ind2="#">
   <subfield code="b">Kho giáo trình</subfield>
   <subfield code="j">KGT.0000851, KGT.0000852, KGT.0000853, KGT.0000854, KGT.0000855, KGT.0000856, KGT.0000857, KGT.0000858, KGT.0000859, KGT.0000860, KGT.0000861</subfield>
  </datafield>
  <datafield tag="852" ind1="#" ind2="#">
   <subfield code="b">Kho mượn</subfield>
   <subfield code="j">KGT.0000851</subfield>
  </datafield>
  <datafield tag="852" ind1="#" ind2="#">
   <subfield code="j">KGT.0000851</subfield>
   <subfield code="j">KGT.0000853</subfield>
   <subfield code="j">KGT.0000854</subfield>
   <subfield code="j">KGT.0000856</subfield>
   <subfield code="j">KGT.0000859</subfield>
   <subfield code="j">KGT.0000861</subfield>
   <subfield code="j">KGT.0000857</subfield>
   <subfield code="j">KGT.0000858</subfield>
   <subfield code="j">KGT.0000852</subfield>
   <subfield code="j">KGT.0000855</subfield>
   <subfield code="j">KGT.0000860</subfield>
  </datafield>
  <datafield tag="910" ind1=" " ind2=" ">
   <subfield code="d">20/06/2011</subfield>
  </datafield>
  <datafield tag="980" ind1="#" ind2="#">
   <subfield code="a">Trung tâm Học liệu Lê Vũ Hùng, Trường Đại học Đồng Tháp</subfield>
  </datafield>
 </record>
</collection>
